Capitales qui commencent par K - Statistiques

Statistiques générales
  • Ce quiz a été pris 253 fois
  • Le résultat moyen est 7 sur 11
Statistiques - réponses
Capitales % Correct
Kuala Lumpur
74%
Koweït
71%
Kigali
67%
Katmandou
66%
Kiev
65%
Kaboul
63%
Kingston
60%
Kingstown
60%
Kinshasa
59%
Kampala
58%
Khartoum
58%
Aucun quiz correspondant
Distribution des résultats
% des personnes avec chaque résultat
Percentile par nombre de réponses
Votre historique - résultats
Vous n’avez pas pris ce quiz